• 首页
  • 本馆介绍
  • 公告通知
  • 最新文献
  • 馆藏检索
  • 电子资源
  • 读者导购
  • 参考咨询
  • 我的图书馆
  • 登录
  • 详细信息显示
  • 放入我的书架
  • 预约/预借图书
  • 作者相关作品
  • 分类相关作品
  • 丛书相关作品
  • 出版社相关作品

书目信息

  • 表格格式
  • 工作单格式
  • 卡片格式
题名:
机修手册
    
 
作者: 《机修手册》第一篇修订小组
分册: 第一篇第四册   圆锥齿轮传动
出版信息: 北京   机械工业出版社  1978.06
页数: 599页
开本: 20cm
丛书名:
单 册:
中图分类: TH17-62
科图分类:
主题词: 机械--运行 , 机械维修
电子资源:
ISBN:
000 00864nam0 2200253 450
001 0655542178
005 20060815152826.09
010    @dCNY1.65
091    @a15033.4387
100    @a20060815d1978 km y0chiy0120 ea
101 0  @achi
102    @aCN@b110000
200 1  @a机修手册@Aji xiu shou ce@e修订第一版@h第一篇第四册@i圆锥齿轮传动@f《机修手册》第一篇修订小组@F《ji xiu shou ce》di yi pian xiu ding xiao zu
210    @a北京@c机械工业出版社@d1978.06
215    @a599页@d20cm
300    @a机械制造工厂机械动力设备修理技术手册
517 1  @a圆锥齿轮传动@Ayuan zhui chi lun chuan dong
517 1  @a修订第一版@Axiu ding di yi ban
606 0  @a机械@x运行
606 0  @a机械维修
690    @aTH17-62@v3
701  0 @a《机修手册》第一篇修订小组@A《ji xiu shou ce》di yi pian xiu ding xiao zu
801  0 @aCN@bPFT@c20060815
905    @a10447@dTH17-62@e12:1(4)=2
    
    机修手册:修订第一版.第一篇第四册.圆锥齿轮传动/《机修手册》第一篇修订小组.-北京:机械工业出版社,1978.06
    599页;20cm
    机械制造工厂机械动力设备修理技术手册
    
    ISBN :CNY1.65
    
●
相关链接 在E读中查询图书 在五车中查询图书 在当当中查询图书 在豆瓣中查询图书


正题名:机修手册     索取号:TH17-62/12:1(4)=2         预约/预借

序号 登录号 条形码 馆藏地/架位号 状态 备注
1 0458534   204585341   密集书库/ [索取号:TH17-62/12:1(4)=2] 在馆    
2 0458535   204585350   密集书库/ [索取号:TH17-62/12:1(4)=2] 在馆    
唐山师范学院图书馆 欢迎您!
大连网信软件有限公司© 版权所有